វិញ្ញាសា ជីវវិទ្យា ថ្នាក់ទី១២ : (Record no. 6672)
[ view plain ]
| 000 -LEADER | |
|---|---|
| fixed length control field | 01715nam a22002297a 4500 |
| 001 - CONTROL NUMBER | |
| control field | 6672 |
| 003 - CONTROL NUMBER IDENTIFIER | |
| control field | FISKH |
| 005 - DATE AND TIME OF LATEST TRANSACTION | |
| control field | 20250520092512.0 |
| 008 - FIXED-LENGTH DATA ELEMENTS--GENERAL INFORMATION | |
| fixed length control field | 250520b cb ||||| |||| 00| 0 eng d |
| 040 ## - CATALOGING SOURCE | |
| Original cataloging agency | FISKH |
| Language of cataloging | khr |
| Transcribing agency | FISKH |
| Modifying agency | FISKH |
| 082 ## - DEWEY DECIMAL CLASSIFICATION NUMBER | |
| Classification number | 570 |
| 100 ## - MAIN ENTRY--PERSONAL NAME | |
| Personal name | Spheaktra. Pin |
| 245 ## - TITLE STATEMENT | |
| Title | វិញ្ញាសា ជីវវិទ្យា ថ្នាក់ទី១២ : |
| Remainder of title | សម្រាប់ត្រៀមប្រលងឆមាសលើកទី១-២ ,ត្រៀមប្រលងសិស្សពូកែ, សញ្ញាប័ត្រមធ្យមសិក្សាទុតិយភូមិ ,ប្រលងចូលមហាវិទ្យាល័យ / |
| Statement of responsibility, etc. | ភិន សុភត្រា |
| 260 ## - PUBLICATION, DISTRIBUTION, ETC. | |
| Place of publication, distribution, etc. | ភ្នំពេញ : |
| Name of publisher, distributor, etc. | បណ្ណាគារ តាព្រហ្ម , |
| Date of publication, distribution, etc. | ២០១១ . |
| 300 ## - PHYSICAL DESCRIPTION | |
| Extent | 180 pages : |
| Other physical details | illustraions ; |
| Dimensions | 15 cm . |
| 520 ## - SUMMARY, ETC. | |
| Summary, etc. | សៀវភៅនេះប្រើជាជំនួយដល់់ប្អូនៗ សម្រាប់ត្រៀមប្រលង ឆមាសលើកទី១-២ ត្រៀមប្រលងសិស្សពូកែ ត្រៀមប្រលងសញ្ញាប័ត្រមធ្យមសិក្សាទុតិយភូមិ និងប្រលងចូលមហាវិទ្យាល័យនានា ។ |
| 520 ## - SUMMARY, ETC. | |
| Summary, etc. | This book is intended to assist students in preparing for the first and second semester exams, outstanding student competitions, the high school diploma exam, and entrance exams for various universities." |
| 650 ## - SUBJECT ADDED ENTRY--TOPICAL TERM | |
| Topical term or geographic name entry element | ជីវវិទ្យា ថ្នាក់ទី១២ |
| 650 ## - SUBJECT ADDED ENTRY--TOPICAL TERM | |
| Topical term or geographic name entry element | Biology grade 12 |
| 942 ## - ADDED ENTRY ELEMENTS (KOHA) | |
| Source of classification or shelving scheme | Dewey Decimal Classification |
| Koha item type | Khmer Books |
| Suppress in OPAC | No |
| Withdrawn status | Lost status | Source of classification or shelving scheme | Damaged status | Not for loan | Collection | Home library | Current library | Shelving location | Date acquired | Total Checkouts | Full call number | Barcode | Date last seen | Copy number | Price effective from | Koha item type |
|---|---|---|---|---|---|---|---|---|---|---|---|---|---|---|---|---|
| Dewey Decimal Classification | Khmer Language Books / សៀវភៅភាសាខ្មែរ | Footprints International School Library Network Toul Kork Campus | Footprints International School Library Network Toul Kork Campus | TK Old Khmer Books (Rear Hallway Shelf 3) | 05/20/2025 | SOP 570 | 2025-4259 | 08/26/2025 | 2 | 08/26/2025 | Khmer Books | |||||
| Dewey Decimal Classification | Khmer Language Books / សៀវភៅភាសាខ្មែរ | Footprints International School Library Network Toul Tom Poung Campus | Footprints International School Library Network Toul Tom Poung Campus | TTP Secondary Khmer Bookshelves | 05/20/2025 | SOP 570 | 2025-1334 | 05/20/2025 | 1 | 05/20/2025 | Khmer Books |
